Medagliere Trampolino elastico ai Giochi Olimpici - Statistics

Statistiche generali
  • Questo quiz è stato fatto 7 volte
  • Il punteggio medio è 7 su 10
Statistiche sulle risposte
Medaglie complessive Medaglie d'Oro Medaglie d'Argento Medaglie di Bronzo Rappresentativa olimpica % Corretto
7 2 3 2 Canada
100%
14 4 4 6 Cina
100%
2 1 0 1 Germania
100%
2 0 1 1 Gran Bretagna
100%
4 2 2 0 Russia
100%
1 0 1 0 Australia
80%
2 2 0 0 Bielorussia
60%
2 1 1 0 Ucraina
60%
1 0 0 1 Nuova Zelanda
20%
1 0 0 1 Uzbekistan
0%
Nessun quiz corrispondente trovato
Distribuzione punteggi
Percentuale di utenti per punteggio
Percentile per numero di risposta
I tuoi punteggi nel tempo
Non hai fatto questo quiz